Ballon d'Or 2001 - Statistiken

Allgemein
  • Dieses Quiz wurde 94 mal gespielt
  • Das Durchschnittsergebnis liegt bei 24 aus 49
Antwortstatistiken
Platz Land Verein/e Nation Punkte % Korrekt
3. Oliver Kahn FC Bayern München Deutschland 114
96%
9. Thierry Henry FC Arsenal Frankreich 14
95%
8. Andriy Shevchenko AC Mailand Ukraine 18
92%
6. Luís Figo Real Madrid Portugal 56
92%
5. Francesco Totti AS Rom Italien 57
90%
9. Zinedine Zidane Juventus Turin/Real Madrid Frankreich 14
90%
2. Raúl Real Madrid Spanien 140
88%
1. Michael Owen FC Liverpool England 176
85%
7. Rivaldo FC Barcelona Brasilien 20
85%
14. Henrik Larsson Celtic Glasgow Schweden 4
76%
28. Ryan Giggs Manchester United Wales 0
76%
18. Roberto Carlos Real Madrid Brasilien 2
69%
4. David Beckham Manchester United England 102
68%
18. Giovane Élber FC Bayern München Brasilien 2
67%
12. David Trezeguet Juventus Turin Frankreich 7
65%
28. Paul Scholes Manchester United England 0
63%
11. Bixente Lizarazu FC Bayern München Frankreich 10
62%
18. Ebbe Sand FC Schalke 04 Dänemark 2
62%
28. Pavel Nedved Lazio Rom/Juventus Turin Tschechien 0
62%
25. Steven Gerrard FC Liverpool England 1
60%
28. Gianluigi Buffon AC Parma/Juventus Turin Italien 0
58%
13. Stefan Effenberg FC Bayern München Deutschland 6
56%
28. Lilian Thuram AC Parma/Juventus Turin Frankreich 0
54%
28. Patrick Vieira FC Arsenal Frankreich 0
47%
28. Robert Pires FC Arsenal Frankreich 0
47%
28. Rio Ferdinand Leeds United England 0
46%
28. Patrick Kluivert FC Barcelona Niederlande 0
45%
28. Alessandro Del Piero Juventus Turin Italien 0
44%
16. Juan Sebastián Verón Lazio Rom/Manchester United Argentinien 3
44%
16. Hernán Crespo Lazio Rom Argentinien 3
42%
25. Rui Costa AC Florenz/AC Mailand Portugal 1
41%
18. Sami Hyypiä FC Liverpool Finnland 2
40%
28. Samuel Kuffour FC Bayern München Ghana 0
37%
14. Alessandro Nesta Lazio Rom Italien 4
36%
28. Cafu AS Rom Brasilien 0
33%
28. Gabriel Batistuta AS Rom Argentinien 0
31%
28. Fabien Barthez Manchester United Frankreich 0
29%
28. Harry Kewell Leeds United Australien 0
27%
28. Hidetoshi Nakata AS Rom/AC Parma Japan 0
24%
28. Marcel Desailly FC Chelsea Frankreich 0
24%
25. Roberto Baggio Brescia Calcio Italien 1
21%
28. Pauleta FC Girondins Bordeaux Portugal 0
19%
18. Gaizka Mendieta FC Valencia/Lazio Rom Spanien 2
18%
28. Jimmy Floyd Hasselbaink FC Chelsea Niederlande 0
10%
28. Sonny Anderson Olympique Lyon Brasilien 0
9%
28. Iván Helguera Real Madrid Spanien 0
8%
18. Emmanuel Olisadebe Panathinaikos Athen Polen 2
5%
18. Damiano Tommasi AS Rom Italien 2
4%
28. Vincent Candela AS Rom Frankreich 0
3%
Keine übereinstimmenden Quizze gefunden
Verteilung der Resultate
Anzahl Personen mit jedem Resultat
Perzentil nach korrekt beantworteten Fragen
Ihre Resultats-Entwicklung
Sie haben dieses Quiz noch nicht gespielt